000 00404nam a22001697a 4500
003 MPLRDC
005 20220104143740.0
008 210129b ||||| |||| 00| 0 eng d
020 _a967-9950-97-2
082 _a551.85 BXX-2
100 _a槟城消费人协会
245 _a投诉有门
_c
260 _a
_b槟城消费人协会
_c
300 _b
650 _a消费
942 _cBK
_o551.85 BXX-2
999 _c42956
_d42946